[Event "Moscow Open A 2016"]
[Site "Moscow RUS"]
[Date "2016.02.04"]
[Round "6.81"]
[White "Uraev, Ivan"]
[Black "Romanov, Stanislav"]
[Result "1-0"]
[WhiteTitle "FM"]
[WhiteElo "2302"]
[BlackElo "2121"]
[WhiteFideId "4192443"]
[BlackFideId "4116895"]
[EventDate "2016.01.30"]

1. e4 g6 2. d4 Bg7 3. Nc3 d6 4. g3 Nf6 5. Bg2 O-O 6. Nge2 c5 7. h3 Nc6 8. Be3
cxd4 9. Nxd4 Ne5 10. b3 Bd7 11. O-O Qc8 12. Qd2 Bxh3 13. f3 Bxg2 14. Kxg2 Nc6
15. Nde2 h5 16. Rad1 Rd8 17. Bg5 e6 18. Qf4 e5 19. Qh4 Ne8 20. Bxd8 Nxd8 21. Rd2
Bf6 22. Qh3 Ne6 23. Nd5 Bd8 24. c4 Kg7 25. Nec3 Qc5 26. Qh1 Ba5 27. Na4 Qc6 28.
Rdf2 a6 29. f4 exf4 30. gxf4 Nf6 31. f5 Nc5 32. fxg6 Nfxe4 33. Rxf7+ Kh6 34. Qh4
Re8 35. Rh1 Ng3 36. Kxg3 Be1+ 37. Rxe1 Rxe1 38. Qd4 Re6 39. Kg2 Qe8 1-0

[Event "Moscow Open A 2016"]
[Site "Moscow RUS"]
[Date "2016.02.04"]
[Round "6.82"]
[White "Trubchaninov, Timur"]
[Black "Bikuzhin, Maksim"]
[Result "1/2-1/2"]
[BlackTitle "FM"]
[WhiteElo "2144"]
[BlackElo "2301"]
[WhiteFideId "24176931"]
[BlackFideId "24128015"]
[EventDate "2016.01.30"]

1. e4 e5 2. Nf3 Nf6 3. Nc3 d6 4. d4 Nbd7 5. Bc4 Be7 6. O-O O-O 7. h3 c6 8. a4
Nxe4 9. Bxf7+ Rxf7 10. Nxe4 exd4 11. Nfg5 Bxg5 12. Bxg5 Qc7 13. Qxd4 d5 14. Ng3
Nf8 15. Rae1 Be6 16. Re5 h6 17. Bd2 c5 18. Qe3 d4 19. Qe4 Bc4 20. Re1 Nd7 21.
Re7 Rxe7 22. Qxe7 Bf7 23. Qh4 Re8 24. Re7 Rxe7 25. Qxe7 Qc6 26. b3 Qe6 27. Qxe6
Bxe6 28. f4 Nf6 29. b4 c4 30. c3 dxc3 31. Bxc3 Nd5 32. Ne2 Bf5 33. Bd4 a6 34. b5
Bd3 35. Nc3 Nxf4 36. Kf2 Kf7 37. h4 Ne6 38. Be5 h5 39. Ke3 Kg6 40. Bd6 Kf5 41.
Bb8 1/2-1/2

[Event "Moscow Open A 2016"]
[Site "Moscow RUS"]
[Date "2016.02.04"]
[Round "6.83"]
[White "Komissarov, Alexey"]
[Black "Skatchkov, Valery"]
[Result "0-1"]
[WhiteTitle "FM"]
[WhiteElo "2292"]
[BlackElo "2068"]
[WhiteFideId "4176545"]
[BlackFideId "24195812"]
[EventDate "2016.01.30"]

1. e4 c5 2. Nf3 Nc6 3. d4 cxd4 4. Nxd4 g6 5. c4 Nf6 6. Nc3 Nxd4 7. Qxd4 Bg7 8.
e5 Ng8 9. Bf4 d6 10. c5 dxe5 11. Bb5+ Bd7 12. Bxe5 Nf6 13. O-O-O Bxb5 14. Qxd8+
Rxd8 15. Rxd8+ Kxd8 16. Nxb5 Kd7 17. Rd1+ Ke6 18. f4 Rc8 19. Nd4+ Kd5 20. Nf5+
Kxc5 21. Nxg7 Kb6+ 22. Kb1 Rg8 23. Rd6+ exd6 24. Bxf6 Rc8 25. Bd4+ Kb5 26. b3
Kc6 27. f5 Kd5 28. fxg6 hxg6 29. Bf6 Ke4 30. h4 d5 31. h5 Rc6 32. Bg5 gxh5 33.
Nxh5 Rg6 34. Ng3+ Ke5 35. Bd8 Kd6 36. Nf5+ Kd7 37. Nh4 Kxd8 38. Nxg6 fxg6 39.
Kc2 Kc7 40. Kd3 Kc6 41. Kd4 Kd6 42. b4 b5 43. a3 a6 44. Ke3 Ke5 45. Kd3 d4 46.
g3 Kd5 47. Kd2 Kc4 0-1

[Event "Moscow Open A 2016"]
[Site "Moscow RUS"]
[Date "2016.02.04"]
[Round "6.84"]
[White "Lagashin, Pavel"]
[Black "Smirnov, Timofey"]
[Result "1/2-1/2"]
[WhiteElo "2139"]
[BlackElo "2288"]
[WhiteFideId "24132144"]
[BlackFideId "24176427"]
[EventDate "2016.01.30"]

1. d4 Nf6 2. c4 e6 3. Nc3 Bb4 4. e3 O-O 5. Bd3 c5 6. d5 d6 7. Ne2 Nbd7 8. a3
Bxc3+ 9. Nxc3 Ne5 10. Be2 Ng6 11. h4 h6 12. h5 Ne7 13. e4 a6 14. g4 Nh7 15. f4
exd5 16. cxd5 Kh8 17. e5 Re8 18. O-O Ng8 19. Kg2 b5 20. b4 cxb4 21. axb4 Bb7 22.
Qd4 dxe5 23. fxe5 f6 24. Bf4 fxe5 25. Bxe5 Ngf6 26. Rad1 Qe7 27. Rf5 Rac8 28.
Kg1 Nd7 29. d6 Qh4 30. Bxg7+ Kg8 31. Nd5 Qg3+ 32. Kf1 Rc2 33. Bxh6 Qh3+ 34. Kg1
Qg3+ 35. Kf1 Qh3+ 36. Kg1 Qg3+ 37. Kf1 Qh3+ 1/2-1/2

[Event "Moscow Open A 2016"]
[Site "Moscow RUS"]
[Date "2016.02.04"]
[Round "6.85"]
[White "Giannoulakis, Labros"]
[Black "Golikov, Daniil"]
[Result "1-0"]
[WhiteElo "2272"]
[BlackElo "2043"]
[WhiteFideId "4247019"]
[BlackFideId "24170623"]
[EventDate "2016.01.30"]

1. d4 Nf6 2. c4 e6 3. Nf3 Bb4+ 4. Nbd2 c5 5. e3 O-O 6. Bd3 Nc6 7. a3 Bxd2+ 8.
Bxd2 cxd4 9. exd4 d5 10. Bg5 dxc4 11. Bxc4 b6 12. O-O Bb7 13. Ba2 Ne7 14. Ne5
Nf5 15. Ng4 Ba6 16. d5 Bxf1 17. Qxf1 h5 18. Nxf6+ gxf6 19. Bd2 e5 20. Rd1 Qd7
21. Bc3 Rfe8 22. Bb1 Rac8 23. Qd3 Qa4 24. Bc2 e4 25. Bxa4 exd3 26. Bxe8 Rxe8 27.
Rxd3 Nd6 28. f3 Kg7 29. Kf2 Kg6 30. Bb4 Rd8 31. Bxd6 Rxd6 32. Ke3 Kf5 33. Kd4
Rd8 34. Re3 Rc8 35. Rc3 Re8 36. d6 Re1 37. Kd5 Re2 38. f4 Rxg2 39. Rd3 Rg8 40.
Kc6 Kxf4 41. Kc7 1-0

[Event "Moscow Open A 2016"]
[Site "Moscow RUS"]
[Date "2016.02.04"]
[Round "6.86"]
[White "Zherebtsova, Alexandra"]
[Black "Amerzianov, Timur"]
[Result "1/2-1/2"]
[WhiteTitle "WFM"]
[WhiteElo "2130"]
[BlackElo "2269"]
[WhiteFideId "24129518"]
[BlackFideId "24136182"]
[EventDate "2016.01.30"]

1. d4 Nf6 2. Nf3 g6 3. Bf4 Bg7 4. e3 d6 5. Be2 O-O 6. O-O c5 7. c3 Qb6 8. Nbd2
Be6 9. Ng5 Bd7 10. Nc4 Qc7 11. a4 h6 12. Nf3 Nh5 13. Bg3 Nxg3 14. hxg3 Nc6 15.
dxc5 dxc5 16. Qc2 Rad8 17. Rfd1 f5 18. e4 f4 19. gxf4 Qxf4 20. Ne3 Ne5 21. Nd5
Nxf3+ 22. Bxf3 Qg5 23. Qe2 e6 24. Ne3 Rf7 25. Bg4 Kh7 26. Qc4 Qf6 27. Rf1 h5 28.
Bh3 Qe5 29. g3 g5 30. Rad1 Rdf8 31. Rxd7 Rxd7 32. Bxe6 Re7 33. Bf5+ Kh8 34. Nd5
Ref7 35. f4 Qd6 36. Rf2 gxf4 37. Nxf4 Rxf5 38. exf5 Rxf5 39. Qe6 Qxe6 40. Nxe6
Re5 41. Nxg7 Kxg7 42. Rd2 Kf6 43. Rd7 Re7 44. Rd5 Re5 45. Rd7 Re7 1/2-1/2

[Event "Moscow Open A 2016"]
[Site "Moscow RUS"]
[Date "2016.02.04"]
[Round "6.87"]
[White "Karpenko, Artem"]
[Black "Suleymanli, Aydin"]
[Result "1-0"]
[BlackTitle "CM"]
[WhiteElo "2258"]
[BlackElo "1930"]
[WhiteFideId "24175595"]
[BlackFideId "13413937"]
[EventDate "2016.01.30"]

1. d4 e6 2. g3 Nf6 3. Bg2 Be7 4. c4 O-O 5. Nf3 d5 6. O-O dxc4 7. a4 c5 8. Na3
cxd4 9. Nxd4 e5 10. Ndb5 Nc6 11. Nxc4 Be6 12. b3 Bd5 13. Bb2 Bxg2 14. Kxg2 a6
15. Nbd6 Qc7 16. Nf5 Rfe8 17. Qc1 Bf8 18. Qg5 Re6 19. Rac1 Nd7 20. Rfd1 Rae8 21.
Nd2 h6 22. Qh4 Nf6 23. Nc4 Nd7 24. Nce3 Nf6 25. Ng4 Nxg4 26. Qxg4 Rg6 27. Qc4
Rd8 28. Ne3 Qb8 29. Nd5 Rgd6 30. e4 R6d7 31. Rd3 Kh8 32. Rcd1 Rc8 33. Nb6 Rxd3
34. Rxd3 Rc7 35. Rd1 Qe8 36. Qd5 f6 37. Nc4 Bb4 38. Qd3 Bc5 39. Nd6 Bxd6 40.
Qxd6 Qe7 41. Qd3 Kh7 42. Qf3 Qe6 43. h4 Rd7 44. Rd5 Ne7 45. Rxd7 Qxd7 46. Bc3
Kg8 47. Qe2 Qc6 48. Qd3 Kf7 49. f3 Qe6 50. Bb4 Nc6 51. Bc5 Kg8 52. h5 Kf7 53. g4
Ke8 54. Kf2 Qd7 55. Qxd7+ Kxd7 56. Bf8 Ke6 57. Bxg7 Nd4 58. b4 Nc6 59. Bxh6 Nxb4
60. Bf8 Nd3+ 61. Ke3 Nf4 62. a5 Kf7 63. Bc5 Ng2+ 64. Kd2 Nf4 65. Be3 Ne6 66. Kc3
Nc7 67. Kc4 Nb5 68. Kc5 Na3 69. Bd2 Nb5 70. Kb6 Nd4 71. Kxb7 Nxf3 72. Be3 Nh2
73. Kxa6 Nxg4 74. Bg1 f5 75. exf5 e4 76. Kb7 e3 77. Bxe3 Nxe3 78. a6 Nxf5 79. a7
Nd6+ 80. Kb8 1-0

[Event "Moscow Open A 2016"]
[Site "Moscow RUS"]
[Date "2016.02.04"]
[Round "6.88"]
[White "Mokshanov, Alexey"]
[Black "Tarasov, Oleg"]
[Result "1-0"]
[WhiteTitle "IM"]
[WhiteElo "2470"]
[BlackElo "2219"]
[WhiteFideId "24121657"]
[BlackFideId "4162870"]
[EventDate "2016.01.30"]

1. e4 c5 2. Nf3 d6 3. c3 Nf6 4. Be2 e5 5. O-O Be7 6. Bb5+ Nbd7 7. Re1 O-O 8. d4
a6 9. Bf1 Re8 10. a4 Bf8 11. Bg5 exd4 12. cxd4 h6 13. Bxf6 Nxf6 14. Nc3 Bg4 15.
dxc5 dxc5 16. e5 Qxd1 17. Raxd1 Nd7 18. h3 Bxf3 19. Rxd7 Bc6 20. Rdd1 Rad8 21.
f4 g5 22. g3 Bf3 23. Rxd8 Rxd8 24. Bg2 Bxg2 25. Kxg2 Rd2+ 26. Re2 Rxe2+ 27. Nxe2
b5 28. Nc3 b4 29. Ne4 c4 30. Kf3 gxf4 31. gxf4 f5 32. Nd2 c3 33. bxc3 bxc3 34.
Nb3 c2 35. Ke3 Bc5+ 36. Kd2 Bg1 37. Nc1 Kf7 38. Ne2 Bf2 39. Kxc2 Ke6 40. Kd3 Kd5
41. Nc1 Kc5 42. Nb3+ Kb4 43. e6 1-0

[Event "Moscow Open A 2016"]
[Site "Moscow RUS"]
[Date "2016.02.04"]
[Round "6.89"]
[White "Hadzimanolis, Antonios"]
[Black "Kazakovskiy, Valeriy"]
[Result "1-0"]
[WhiteTitle "FM"]
[BlackTitle "IM"]
[WhiteElo "2219"]
[BlackElo "2387"]
[WhiteFideId "4202813"]
[BlackFideId "13507443"]
[EventDate "2016.01.30"]

1. e4 c5 2. c3 Nf6 3. e5 Nd5 4. d4 cxd4 5. cxd4 d6 6. Nf3 Nc6 7. Bc4 dxe5 8.
dxe5 Ndb4 9. Qxd8+ Nxd8 10. Na3 Bg4 11. Bf4 Bxf3 12. gxf3 e6 13. Rd1 a6 14. Bb3
Ndc6 15. Nc4 Nd5 16. Bg3 b5 17. Ne3 Bb4+ 18. Ke2 Nde7 19. f4 h5 20. f5 exf5 21.
e6 f6 22. Rd7 Rc8 23. Rhd1 g5 24. Bc7 Bc5 25. Nd5 O-O 26. Nxe7+ Nxe7 27. Rc1
Rxc7 28. Rxc7 Bd6 29. Rd7 Bf4 30. Rxe7 Bxc1 31. Rc7 1-0

[Event "Moscow Open A 2016"]
[Site "Moscow RUS"]
[Date "2016.02.04"]
[Round "6.90"]
[White "Tugarin, Anton"]
[Black "Chos, Alexey"]
[Result "1/2-1/2"]
[BlackTitle "IM"]
[WhiteElo "2214"]
[BlackElo "2348"]
[WhiteFideId "24151246"]
[BlackFideId "14117762"]
[EventDate "2016.01.30"]

1. Nf3 b6 2. g3 Bb7 3. Bg2 g5 4. h3 Bg7 5. O-O e6 6. d3 h6 7. e4 Nc6 8. d4 d5 9.
e5 Nge7 10. c3 Ng6 11. b4 Qd7 12. Nbd2 Nce7 13. Re1 a5 14. a4 axb4 15. cxb4 Bc6
16. a5 O-O 17. Bb2 Rfb8 18. Bc3 Bb5 19. Qc2 Nc6 20. Reb1 Nge7 21. Bf1 Na7 22.
Rc1 Bxf1 23. Nxf1 Nb5 24. Bd2 Nf5 25. Qd3 Na7 26. Ne3 Nxe3 27. Bxe3 Qb5 28. Qc3
Rc8 29. h4 gxh4 30. Nxh4 Qe2 31. Ng2 Bf8 32. Rc2 Qc4 33. Qxc4 dxc4 34. axb6 cxb6
35. Rca2 Rc7 36. d5 Rb7 37. d6 f6 38. f4 Kf7 39. Ne1 Kg6 40. g4 fxe5 41. fxe5 h5
42. Nf3 Bg7 43. Nh4+ Kh7 44. Bd4 hxg4 45. Ng2 Kg6 46. Ne3 c3 47. Bxc3 Rc8 48.
Rxa7 Rxa7 49. Rxa7 Rxc3 50. d7 Rd3 51. Nc4 Rd1+ 52. Kg2 Bf8 53. Nd6 Rd2+ 54. Kf1
Be7 55. Ra8 Rd1+ 56. Ke2 Rd5 57. d8=Q Rxe5+ 58. Kf2 Bxd8 59. Rxd8 Rd5 60. Nb7
Kf5 61. Rc8 Rd1 62. b5 Kf4 63. Rf8+ Ke5 64. Nd8 Rd5 65. Nc6+ Kd6 66. Nb4 Rxb5
67. Rd8+ Ke5 1/2-1/2

[Event "Moscow Open A 2016"]
[Site "Moscow RUS"]
[Date "2016.02.04"]
[Round "6.91"]
[White "Belenkaya, Dina"]
[Black "Zhileykin, Andrey"]
[Result "1-0"]
[WhiteTitle "WFM"]
[WhiteElo "2343"]
[BlackElo "2210"]
[WhiteFideId "24142654"]
[BlackFideId "24157503"]
[EventDate "2016.01.30"]

1. e4 e5 2. Nf3 Nc6 3. Nc3 Nf6 4. d4 exd4 5. Nxd4 Bb4 6. Nxc6 bxc6 7. Bd3 O-O 8.
O-O d5 9. exd5 cxd5 10. Bg5 Be6 11. Qf3 Be7 12. h3 Rb8 13. b3 Re8 14. Rad1 h6
15. Bf4 Bd6 16. Nb5 Bxf4 17. Qxf4 c6 18. Nc7 Re7 19. Na6 Rb6 20. Nc5 Re8 21. Qh4
Qd6 22. Qd4 Nd7 23. b4 Qb8 24. a3 Nxc5 25. Qxc5 Re7 1-0

[Event "Moscow Open A 2016"]
[Site "Moscow RUS"]
[Date "2016.02.04"]
[Round "6.92"]
[White "Kholopov, Alexander A."]
[Black "Kaasen, Tor Fredrik"]
[Result "1-0"]
[WhiteTitle "FM"]
[WhiteElo "2325"]
[BlackElo "2168"]
[WhiteFideId "4148100"]
[BlackFideId "1516647"]
[EventDate "2016.01.30"]

1. d4 Nf6 2. c4 g6 3. Nf3 Bg7 4. g3 O-O 5. Bg2 d6 6. O-O c5 7. Nc3 Nc6 8. d5 Na5
9. Nd2 a6 10. Qc2 Bd7 11. Rb1 b5 12. b3 Rb8 13. Bb2 e5 14. e4 Bh6 15. f4 exf4
16. gxf4 bxc4 17. bxc4 Nh5 18. Ne2 f5 19. e5 dxe5 20. Bxe5 Rxb1 21. Rxb1 Bg7 22.
Nf3 Re8 23. Qc3 h6 24. Bxg7 Nxg7 25. Ne5 g5 26. Bf3 Bc8 27. d6 gxf4 28. d7 Bxd7
29. Nxd7 Qxd7 30. Qxa5 Qd3 31. Rb3 Qxc4 32. Qd2 Kh7 33. Qxf4 Qf7 34. Rb7 Qg6+
35. Kf2 Kh8 36. Nc3 Qe6 37. Nd5 Qe1+ 38. Kg2 Re6 39. Qg3 Qd2+ 40. Kh3 Qd4 41.
Nf4 Rd6 42. Ng6+ Kh7 43. Ne5 1-0

[Event "Moscow Open A 2016"]
[Site "Moscow RUS"]
[Date "2016.02.04"]
[Round "6.93"]
[White "Kurilo, Vladislav"]
[Black "Krylov, Ivan"]
[Result "1/2-1/2"]
[BlackTitle "FM"]
[WhiteElo "2160"]
[BlackElo "2322"]
[WhiteFideId "14136503"]
[BlackFideId "24128066"]
[EventDate "2016.01.30"]

1. e4 e5 2. Nf3 Nc6 3. Bc4 Bc5 4. d3 Nf6 5. Nc3 d6 6. Bg5 h6 7. Bxf6 Qxf6 8. Nd5
Qd8 9. c3 a6 10. d4 Ba7 11. dxe5 Nxe5 12. Nxe5 dxe5 13. Qh5 O-O 14. Qxe5 c6 15.
Ne7+ Kh8 16. Nxc8 Rxc8 17. O-O Qd2 18. Rad1 Bxf2+ 19. Kh1 Qxb2 20. Rb1 Qc2 21.
Qf5 Bh4 22. Rxb7 Qxc3 23. Rxf7 Bf6 24. Bxa6 Ra8 25. Rxf8+ Rxf8 26. Qe6 Rb8 27.
Bc8 Kh7 28. h4 Qg3 29. Qf5+ Kh8 30. Qh3 Qxh3+ 31. Bxh3 Rb2 32. h5 Rxa2 33. e5
Bxe5 34. Rf8+ Kh7 35. Bf5+ g6 36. hxg6+ Kg7 37. Rf7+ Kg8 38. g4 Rh2+ 39. Kg1 Rb2
40. Be6 Bd4+ 41. Kf1 c5 42. Bd5 Rb1+ 43. Ke2 Rb4 44. Kd3 Bb2 45. Bc4 Bg7 46.
Rf5+ Kh8 47. Rxc5 Rb8 48. Rc7 Rd8+ 49. Ke4 Re8+ 50. Kf5 Re5+ 51. Kf4 Re8 52. Rd7
Rf8+ 53. Bf7 Rb8 54. g5 hxg5+ 55. Kxg5 Ra8 56. Rd3 Ra5+ 57. Bd5 Ba1 58. Rh3+ Kg7
59. Rh7+ Kf8 60. Rf7+ Ke8 61. Rf5 Ke7 62. Kf4 Kd6 63. Ke4 Ra4+ 64. Kf3 Ra5 65.
Ke4 Ra4+ 66. Kf3 Ra5 67. Ke4 Ra4+ 1/2-1/2

[Event "Moscow Open A 2016"]
[Site "Moscow RUS"]
[Date "2016.02.04"]
[Round "6.94"]
[White "Sizintsev, Alexey"]
[Black "Zhadanov, Vasili B."]
[Result "1/2-1/2"]
[BlackTitle "FM"]
[WhiteElo "2150"]
[BlackElo "2306"]
[WhiteFideId "24190985"]
[BlackFideId "4144473"]
[EventDate "2016.01.30"]

1. e4 c6 2. d4 d5 3. Nc3 dxe4 4. Nxe4 Nd7 5. Ng5 Ndf6 6. Bd3 h6 7. N5f3 Bg4 8.
h3 Bxf3 9. Nxf3 e6 10. O-O Bd6 11. Re1 Nd7 12. c4 Ngf6 13. Bd2 O-O 14. Bc3 Qc7
15. Rc1 Rad8 16. Ne5 Rfe8 17. Qe2 c5 18. Nxd7 Qxd7 19. dxc5 Bxc5 20. Bxf6 gxf6
21. Rcd1 Qc7 22. Qg4+ Kf8 23. Qh4 Ke7 24. Bc2 Qa5 25. Qf4 Rd4 26. Re4 Rxd1+ 27.
Bxd1 Rd8 28. Bf3 Rd2 29. Qb8 Rxb2 30. Qc8 Bxf2+ 31. Kh2 Bc5 32. Re2 Bd6+ 33. g3
Rb1 34. Bg4 f5 35. Bh5 Bxg3+ 36. Kxg3 f4+ 37. Kh2 Qxh5 38. Qc7+ Kf6 39. Qd8+ Kf5
40. Qd3+ Kf6 41. Qd8+ Kf5 42. Qd3+ Kf6 43. Qd8+ Kf5 44. Qd3+ 1/2-1/2

[Event "Moscow Open A 2016"]
[Site "Moscow RUS"]
[Date "2016.02.04"]
[Round "6.95"]
[White "Mashkov, Sergey"]
[Black "Makoveev, Ilya"]
[Result "1-0"]
[WhiteTitle "FM"]
[WhiteElo "2301"]
[BlackElo "2148"]
[WhiteFideId "24102067"]
[BlackFideId "34155748"]
[EventDate "2016.01.30"]

1. e4 e6 2. d3 d5 3. Nd2 c5 4. g3 Nc6 5. Bg2 Nf6 6. Ngf3 g6 7. O-O Bg7 8. c3 O-O
9. Re1 a5 10. h4 b6 11. a3 Ba6 12. e5 Nd7 13. d4 cxd4 14. cxd4 f6 15. Bh3 fxe5
16. Bxe6+ Kh8 17. Bxd5 Nxd4 18. Nxd4 exd4 19. Nf3 Rc8 20. Bg5 Nf6 21. Be6 Rc6
22. h5 gxh5 23. Ba2 Rc5 24. b4 Rc3 25. Ne5 Qc7 26. Bf4 Qc8 27. Qxd4 Ng4 28. Qxb6
Nxe5 29. Bxe5 Bxe5 30. Rxe5 Bb7 31. Qd4 Rf6 32. Re8+ Kg7 33. Rxc8 Rxc8 34. Re1
Rc7 35. Qd8 Rc2 36. Qe7+ Kg6 37. Bb1 Rxf2 38. Bxc2+ Rxc2 39. Qxb7 1-0

[Event "Moscow Open A 2016"]
[Site "Moscow RUS"]
[Date "2016.02.04"]
[Round "6.96"]
[White "Klepikov, Nikita"]
[Black "Dobrocmyslov, Artem"]
[Result "1/2-1/2"]
[WhiteElo "2273"]
[BlackElo "2119"]
[WhiteFideId "24145220"]
[BlackFideId "24139521"]
[EventDate "2016.01.30"]

1. e4 e6 2. d3 b5 3. Nf3 Bb7 4. Bg5 Be7 5. Bxe7 Nxe7 6. Nbd2 O-O 7. d4 f5 8. e5
a6 9. c3 c5 10. a4 c4 11. b3 Nd5 12. bxc4 Nxc3 13. Qb3 Qa5 14. Ra3 b4 15. Ra1
Nc6 16. c5 Qc7 17. Nc4 g5 18. h3 g4 19. hxg4 fxg4 20. Qc2 Rf7 21. Ng5 Nxd4 22.
Qd3 Qxc5 23. Rxh7 Rf5 24. Rxd7 Rxe5+ 25. Ne3 Be4 26. Qxd4 Rxg5 27. Qf6 Qe5 28.
Nxg4 Qxf6 29. Nxf6+ Kf8 30. Nxe4 Nxe4 31. Rd4 Nc3 32. f4 Rg4 33. Rxb4 Nd5 34.
Re4 Rxf4 35. Rxe6 Kg7 36. Re5 Nc3 37. a5 Kf6 38. Re3 Nd5 39. Rf3 Rxf3 40. gxf3
Ke5 41. Kf2 Kd4 42. Re1 Nb4 43. Re6 Kc5 44. f4 Rf8 45. Kg3 Nd5 46. Re4 Rxf4 47.
Rxf4 Nxf4 48. Kxf4 1/2-1/2

[Event "Moscow Open A 2016"]
[Site "Moscow RUS"]
[Date "2016.02.04"]
[Round "6.97"]
[White "Soldatov, Arnold"]
[Black "Samdanov, Samdan"]
[Result "1/2-1/2"]
[BlackTitle "FM"]
[WhiteElo "2075"]
[BlackElo "2250"]
[WhiteFideId "24135623"]
[BlackFideId "4188101"]
[EventDate "2016.01.30"]

1. d4 d5 2. Nf3 Nf6 3. Bf4 c5 4. e3 Nc6 5. Be2 Qb6 6. b3 Bg4 7. c3 e6 8. O-O Be7
9. Nbd2 O-O 10. Ne5 Bxe2 11. Qxe2 cxd4 12. cxd4 Rfc8 13. Bg5 h6 14. Bxf6 Bxf6
15. Nd7 Qd8 16. Nxf6+ Qxf6 17. a3 Rc7 18. Rfc1 Rac8 19. Qd1 e5 20. dxe5 Nxe5 21.
Rxc7 Rxc7 22. Nf3 Nxf3+ 23. gxf3 h5 24. Kg2 Rc6 25. Rc1 Qg6+ 26. Kf1 h4 27. Rxc6
bxc6 28. h3 Qd6 29. Qc2 Qh2 30. Qf5 g6 31. Qg4 Qh1+ 32. Ke2 Qb1 33. Qb4 Qf5 34.
Qg4 Qc2+ 35. Kf1 Qxb3 36. Qc8+ Kg7 37. Qxc6 Qxa3 38. Qxd5 Qa1+ 39. Kg2 a5 40. e4
a4 41. e5 a3 42. Qd6 a2 43. Qf6+ 1/2-1/2

[Event "Moscow Open A 2016"]
[Site "Moscow RUS"]
[Date "2016.02.04"]
[Round "6.98"]
[White "Mikheev, Aleksey"]
[Black "Merkushev, Dmitry"]
[Result "1-0"]
[WhiteElo "2235"]
[BlackElo "2107"]
[WhiteFideId "24177660"]
[BlackFideId "34123676"]
[EventDate "2016.01.30"]

1. e4 d5 2. exd5 Qxd5 3. Nc3 Qd6 4. d4 Nf6 5. Bc4 Nc6 6. Nge2 e5 7. O-O Nxd4 8.
Nxd4 Qxd4 9. Qxd4 exd4 10. Nb5 Bd6 11. Re1+ Kf8 12. Nxd6 cxd6 13. Bf4 Ne8 14.
Rad1 Bf5 15. Re2 g5 16. Bxg5 Kg7 17. Rxd4 Rc8 18. Bb3 Nc7 19. Rxd6 Ne6 20. Be3
Rhd8 21. Rxd8 Rxd8 22. c3 a6 23. f3 Nc7 24. Bd4+ Kf8 25. Bc5+ Kg7 26. Re7 Ne6
27. Be3 b5 28. g4 Kf6 29. Rxf7+ 1-0

[Event "Moscow Open A 2016"]
[Site "Moscow RUS"]
[Date "2016.02.04"]
[Round "6.99"]
[White "Okun, Evgeny"]
[Black "Daurbekov, Murad"]
[Result "1-0"]
[WhiteElo "2227"]
[BlackElo "2061"]
[WhiteFideId "24131806"]
[BlackFideId "4192982"]
[EventDate "2016.01.30"]

1. g3 Nf6 2. Bg2 g6 3. f4 Bg7 4. Nf3 O-O 5. O-O d5 6. d3 c5 7. Qe1 Nc6 8. c3 b6
9. h3 Bb7 10. e4 d4 11. e5 Nd5 12. c4 Ne3 13. Bxe3 dxe3 14. Qxe3 Nb4 15. Ne1
Bxg2 16. Kxg2 f6 17. a3 Na6 18. Nf3 Nc7 19. Nc3 Qd7 20. Rad1 Rad8 21. Rfe1 Rfe8
22. Qe4 Ne6 23. Nd5 Kf7 24. f5 gxf5 25. Qxf5 Kg8 26. Re4 fxe5 27. Nxe5 Rf8 28.
Nxd7 1-0

[Event "Moscow Open A 2016"]
[Site "Moscow RUS"]
[Date "2016.02.04"]
[Round "6.100"]
[White "Chemurziev, Ruslan"]
[Black "Manafov, Vugar"]
[Result "1-0"]
[WhiteElo "2224"]
[BlackElo "2052"]
[WhiteFideId "4189094"]
[BlackFideId "13410814"]
[EventDate "2016.01.30"]

1. d4 d6 2. c4 g6 3. Nf3 Bg7 4. Nc3 Nc6 5. d5 Nb8 6. e4 Bg4 7. Be2 Nd7 8. O-O
Ngf6 9. h3 Bxf3 10. Bxf3 a5 11. Be3 O-O 12. Qc2 b6 13. Rac1 Nc5 14. b3 Rb8 15.
a3 e5 16. b4 Nb7 17. Be2 Nd7 18. Bd3 Bf6 19. g3 Re8 20. Kh2 Bg7 21. Rce1 Nf6 22.
f4 exf4 23. gxf4 Nh5 24. Nb5 axb4 25. axb4 Ra8 26. Be2 Nf6 27. Bf3 Ra6 28. Bd4
Nd7 29. Bxg7 Kxg7 30. Qc3+ Kg8 31. Re2 Ra4 32. e5 dxe5 33. fxe5 f6 34. e6 Ne5
35. Bg2 Nd6 36. Nxd6 Qxd6 37. Kh1 Qe7 38. Ref2 Rf8 39. Rb2 Rd8 40. Rc1 h5 41.
Qb3 Ra7 42. Qd1 Ra3 43. Rb3 Rxb3 44. Qxb3 Ra8 45. c5 bxc5 46. bxc5 g5 47. d6
cxd6 48. c6 Rc8 49. c7 Kg7 50. Qc3 Qxe6 51. Bb7 g4 52. Bxc8 Qxc8 53. Qb3 gxh3
54. Qb8 Qf5 55. Qb7 Qf4 56. c8=Q+ 1-0

[Event "Moscow Open A 2016"]
[Site "Moscow RUS"]
[Date "2016.02.04"]
[Round "6.101"]
[White "Salemgareev, Tagir"]
[Black "Lutsenko, Alexander"]
[Result "1/2-1/2"]
[WhiteElo "2223"]
[BlackElo "2026"]
[WhiteFideId "24199052"]
[BlackFideId "54159806"]
[EventDate "2016.01.30"]

1. d4 Nf6 2. Nf3 g6 3. c4 Bg7 4. Nc3 d5 5. cxd5 Nxd5 6. e4 Nxc3 7. bxc3 c5 8.
Be3 Nc6 9. Qd2 cxd4 10. cxd4 Bg4 11. Rd1 O-O 12. Be2 Qa5 13. O-O Qxd2 14. Rxd2
Rfc8 15. Rc1 Na5 16. Rdc2 Rxc2 17. Rxc2 Rc8 18. Rxc8+ Bxc8 19. d5 b6 20. Bf4 Nb7
21. Ba6 Kf8 22. e5 Ke8 23. Nd4 Nd6 24. Bd3 Nb7 25. Bb5+ Bd7 26. Nc6 Nc5 27. Nxa7
Bxb5 28. Nxb5 Nd3 29. Be3 Bxe5 30. Bxb6 Nb4 31. a4 Nxd5 32. Ba5 Kd7 33. g3 Kc6
34. f4 Bf6 35. Kf2 Nb6 36. Bxb6 Kxb6 37. Ke3 Ka5 38. Ke4 Kxa4 39. Na7 Ka5 40.
Nc6+ Kb6 41. Nd8 Kc7 42. Nxf7 Kd7 43. Kd5 e6+ 44. Ke4 Ke7 45. Ne5 Kd6 46. Ng4
Bg7 47. h4 Bc3 48. Ne3 h5 49. Nc4+ Ke7 50. Ne5 Kf6 51. Nd3 Ba5 52. Ne5 Bc3 53.
g4 hxg4 54. Nxg4+ 1/2-1/2

[Event "Moscow Open A 2016"]
[Site "Moscow RUS"]
[Date "2016.02.04"]
[Round "6.102"]
[White "Pavlidis, Anastasios"]
[Black "Martynyuk, Elizaveta"]
[Result "1/2-1/2"]
[WhiteTitle "IM"]
[BlackTitle "WFM"]
[WhiteElo "2410"]
[BlackElo "2115"]
[WhiteFideId "4208404"]
[BlackFideId "24128511"]
[EventDate "2016.01.30"]

1. d4 d5 2. c4 c6 3. Nf3 Nf6 4. e3 Bf5 5. Nc3 e6 6. Nh4 Be4 7. f3 Bg6 8. Qb3 Qc7
9. Bd2 Be7 10. Nxg6 hxg6 11. g3 Qb6 12. Qxb6 axb6 13. e4 dxe4 14. fxe4 e5 15. d5
Bc5 16. Be2 Bd4 17. Bf3 Na6 18. Kf1 Nc5 19. Kg2 Na4 20. Nxa4 Rxa4 21. b3 Ra8 22.
a4 Bxa1 23. Rxa1 Nd7 24. Bb4 Nc5 25. Rb1 f5 26. Bxc5 bxc5 27. dxc6 Rd8 28. cxb7
Rd2+ 29. Kg1 Kd7 30. b4 Kc7 31. bxc5 Rc2 32. a5 Rxc4 33. a6 Kb8 34. exf5 e4 35.
Be2 Rc2 36. Bd1 Rxc5 37. fxg6 Rc6 38. Be2 Rxg6 39. Rc1 Rb6 40. Bg4 Rxa6 1/2-1/2